000 00431nam a2200145Ia 4500
003 OSt
005 20260121121136.0
008 211028s2014 xx 000 0 und d
040 _cAIMIT LIBRARY
041 _aeng
100 _aKumar, Vasanth;Wright, Rowena.
_g1116170
_97273
245 _aStudy of employee satisfaction with reference to Kalabavi Cashew Industry /
260 _aMangalore
_bRowena Wright
_c2014
942 _2ddc
_cPRO
999 _c218843
_d218843